All or nothing /

Bibliographic Details
Other Authors: Sean, Jay, 1981- (Performer), Lil Wayne, Paul, Sean, Lil Jon, 1971-, Cotter, Jared
Format: CD Audio
Language:English
Published: [New York] : Cash Money, [2009]
Subjects:

MARC

Tag First Indicator Second Indicator Subfields
LEADER 00000cjm a2200000 a 4500
001 in00002785881
005 20151202171600.0
007 sd fungnnmmned
008 120202s2009 nyuppnn n eng d
010 |a  2012616765 
024 1 |a 602527245164 
024 7 |a 00602527245164  |2 gtin-14 
028 0 2 |a B0013683-02  |b Universal Republic 
035 |a (OCoLC)ocn456204084 
035 |a (OCoLC)456204084 
040 |a BTCTA  |b eng  |c BTCTA  |d DLC  |d TEF  |d SO$  |d NPC  |d APL  |d GL9  |d GK8  |d ZAG  |d BDX  |d MSTEW  |d UtOrBLW 
042 |a lccopycat 
043 |a n-us--- 
049 |a TXAM 
050 1 4 |a M1630.18.S32  |b A45 2009 
082 0 4 |a 782.42164  |2 22 
090 |a M1670.S456  |b A45 2009 
100 1 |a Sean, Jay,  |d 1981-  |e performer. 
245 1 0 |a All or nothing /  |c Jay Sean. 
264 1 |a [New York] :  |b Cash Money,  |c [2009] 
264 4 |c ℗2009 
300 |a 1 sound disc :  |b digital ;  |c 4 3/4 in. 
336 |a performed music  |b prm  |2 rdacontent 
337 |a audio  |b s  |2 rdamedia 
338 |a audio disc  |b sd  |2 rdacarrier 
500 |a Compact disc. 
508 |a Executive producers: Ronald "Slim" Williams, Baby "Birdman" Williams. 
511 0 |a Jay Sean, vocals ; with assisting musicians. 
505 0 0 |t Do you --  |t Fire --  |t Down  |r (feat. Lil Wayne) --  |t Do you remember  |r (feat. Sean Paul and Lil Jon) --  |t Ride it --  |t Love like this (Eternity) --  |t If I ain't got you --  |t War --  |t Cry --  |t All or nothing --  |t Stuck in the middle  |r (feat. Jared Cotter) --  |t Stay --  |t Lights off --  |g Bonus.  |t Down (candle light remix). 
500 |a Sound recording. 
650 0 |a Popular music  |y 2001-2010. 
650 0 |a Rhythm and blues music. 
700 0 |a Lil Wayne. 
700 1 |a Paul, Sean. 
700 0 |a Lil Jon,  |d 1971- 
700 1 |a Cotter, Jared. 
948 |a cataloged  |b h  |c 2012/12/6  |d c  |e jstorlie  |f 11:47:55 am 
994 |a C0  |b TXA 
999 |a MARS 
999 f f |s 2ebb401d-6f02-3659-bd13-ac86f47c40ed  |i 7402b3da-ff56-3757-85c3-e5c88524ff49  |t 0 
952 f f |p ric  |a Texas A&M University  |b Rellis Campus  |c Joint Library Facility  |d Remote Storage  |t 0  |e M1670.S456 A45 2009  |h Library of Congress classification  |i audio -- audio disc  |m A14841621367 
998 f f |a M1670.S456 A45 2009  |t 0  |l Remote Storage